Management (Record no. 2316)

MARC details
000 -LEADER
fixed length control field 00377nam a22001697a 4500
005 - DATE AND TIME OF LATEST TRANSACTION
control field 20180621101258.0
008 - FIXED-LENGTH DATA ELEMENTS--GENERAL INFORMATION
fixed length control field 160601b xxu||||| |||| 00| 0 eng d
020 ## - INTERNATIONAL STANDARD BOOK NUMBER
ISBN 0-07-059856-8
041 ## - LANGUAGE CODE
Language code of text/sound track or separate title eng
082 ## - DEWEY DECIMAL CLASSIFICATION NUMBER
Item number 6628
Classification number 658
100 ## - MAIN ENTRY--AUTHOR NAME
Personal name Heinz, and weihrich
245 ## - TITLE STATEMENT
Title Management
260 ## - PUBLICATION, DISTRIBUTION, ETC. (IMPRINT)
Name of publisher TMH
Year of publication 2005
300 ## - PHYSICAL DESCRIPTION
Number of Pages 583
650 ## - SUBJECT ADDED ENTRY--TOPICAL TERM
Topical Term Management
942 ## - ADDED ENTRY ELEMENTS (KOHA)
Koha item type Books
Holdings
Lost status Damaged status Collection code Home library Current library Shelving location Date acquired Cost, normal purchase price Full call number Accession Number Koha item type
    MANAGEMENT JRU Library JRU Library SHELF-64-H 01/06/2016 295.00 658 6628 Books
    Reference JRU Library   SHELF-28-J 01/06/2016 295.00 658 6629 Books
    MANAGEMENT JRU Library JRU Library SHELF-64-H 01/06/2016 295.00 658 6630 Books
    MANAGEMENT JRU Library JRU Library SHELF-64-H 01/06/2016 295.00 658 6631 Books
    MANAGEMENT JRU Library JRU Library SHELF-64-H 01/06/2016 295.00 658 6632 Books